<The> persistence of job security in reforming socialist economies.

Problematika zabezpečovania zamestnanosti v bývalých plánovaných a reformovaných socialistických ekonomikách. Mechanizmus redistribúcie dôchodkov na príklade Juhoslávie v 70. a 80. rokoch. Porovnanie cieľov, prostriedkov a výsledkov na trhu práce v týchto krajinách. Kvantifikácia, postup, model a vy...

Ausführliche Beschreibung

Gespeichert in:
Bibliographische Detailangaben
1. Verfasser: Vodopivec, M.
Format: Buchkapitel
Sprache:Englisch
Schlagworte:
Tags: Tag hinzufügen
Keine Tags, Fügen Sie das erste Tag hinzu!

MARC

LEADER 00000naa a2200000 4500
001 r006969
005 20221213085304.4
041 0 |a eng 
044 |a GB 
245 1 0 |a <The> persistence of job security in reforming socialist economies.  |c M. Vodopivec 
520 |a Problematika zabezpečovania zamestnanosti v bývalých plánovaných a reformovaných socialistických ekonomikách. Mechanizmus redistribúcie dôchodkov na príklade Juhoslávie v 70. a 80. rokoch. Porovnanie cieľov, prostriedkov a výsledkov na trhu práce v týchto krajinách. Kvantifikácia, postup, model a vysvetlenie redistribúcie dôchodkov. Príloha: metóda a údaje použité na vypočítanie redistribučných tokov. 
610 2 0 |a trh práce 
610 2 0 |a zamestnanosť 
610 2 0 |a východná Európa 
610 2 0 |a subvencie 
610 2 0 |a redistribúcia zdrojov finančných 
610 2 0 |a modely 
100 1 |a Vodopivec, M.